| 000 | 00356nam a22001457a 4500 | ||
|---|---|---|---|
| 999 |
_c15661 _d15661 |
||
| 003 | OSt | ||
| 008 | 190524b ||||| |||| 00| 0 eng d | ||
| 020 | _a9780008140205 | ||
| 082 |
_a869.342 _bCOE/EL |
||
| 100 |
_aCoelho, Paulo _94152 |
||
| 245 | _aEleven Minutes | ||
| 260 |
_aUttar Pradesh _bHarperCollins Publisher _c2003 |
||
| 300 | _a275 p. | ||
| 942 | _cBK | ||